Geography Quiz

Random Geography or World Quiz
Score 0/25 Timer 04:00
7 Plays Today
Location Country % Correct
EuropeVatican City
96.1%
EuropeMonaco
88.8%
EuropeAndorra
87.1%
EuropeSan Marino
86.4%
EuropeLiechtenstein
84.8%
North AmericaSaint Kitts and Nevis
72.9%
EuropeMalta
72.5%
OceaniaNauru
68.6%
OceaniaTuvalu
68.2%
North AmericaSaint Lucia
66.3%
AsiaSingapore
66.1%
OceaniaPalau
65.9%
North AmericaSaint Vincent and the Grenadines
65.3%
Location Country % Correct
North AmericaBarbados
65.2%
OceaniaMicronesia
64.2%
OceaniaMarshall Islands
64%
OceaniaKiribati
62.8%
OceaniaTonga
62.6%
AfricaSeychelles
62.3%
North AmericaGrenada
61.9%
North AmericaDominica
61.1%
North AmericaAntigua and Barbuda
60.3%
AfricaSao Tome and Principe
58.3%
AsiaMaldives
55.2%
AsiaBahrain
53%
Remove Ads.
Support Sporcle.
Get the best of Sporcle when you Go Orange. This ad-free experience offers more features, more stats, and more fun while also helping to support Sporcle. Thank you for becoming a member.

You're not logged in!

Compare scores with friends on all Sporcle quizzes.
OR
Log In

Show Comments

Extras

Top Quizzes Today


Score Distribution

Your Account Isn't Verified!

In order to create a playlist on Sporcle, you need to verify the email address you used during registration. Go to your Sporcle Settings to finish the process.

Report this User

Report this user for behavior that violates our Community Guidelines.

Details: